4 images, 1 personnalité célèbre - Statistiques

Statistiques générales
  • Ce quiz a été pris 60 fois
  • Le résultat moyen est 7 sur 20
Statistiques - réponses
Par images Réponse % Correct
Karine Le Marchand
60%
Karine Le Marchand
60%
Karine Le Marchand
60%
Karine Le Marchand
60%
Kad Merad
43%
Kad Merad
43%
Kad Merad
43%
Kad Merad
43%
N'golo Kanté
40%
N'golo Kanté
40%
N'golo Kanté
40%
N'golo Kanté
40%
Zazie
19%
Zazie
19%
Zazie
19%
Zazie
19%
Edmond Rostand
17%
Edmond Rostand
17%
Edmond Rostand
17%
Edmond Rostand
17%
Aucun quiz correspondant
Distribution des résultats
% des personnes avec chaque résultat
Percentile par nombre de réponses
Votre historique - résultats
Vous n’avez pas pris ce quiz